ECAS 8 : english communication arts and skills through afro-asian literature/ (Record no. 5497)
[ view plain ]
| 000 -LEADER | |
|---|---|
| fixed length control field | 00635nam a22001937a 4500 |
| 003 - CONTROL NUMBER IDENTIFIER | |
| control field | OSt |
| 005 - DATE AND TIME OF LATEST TRANSACTION | |
| control field | 20251105075946.0 |
| 008 - FIXED-LENGTH DATA ELEMENTS--GENERAL INFORMATION | |
| fixed length control field | 251105b |||||||| |||| 00| 0 eng d |
| 020 ## - INTERNATIONAL STANDARD BOOK NUMBER | |
| International Standard Book Number | 978-971-06-5925-8 |
| 040 ## - CATALOGING SOURCE | |
| Original cataloging agency | DWCL main Lib |
| Transcribing agency | OC |
| 082 ## - DEWEY DECIMAL CLASSIFICATION NUMBER | |
| Classification number | Res |
| 100 ## - MAIN ENTRY--PERSONAL NAME | |
| Personal name | Lapid , Milagros G. |
| 245 ## - TITLE STATEMENT | |
| Title | ECAS 8 : english communication arts and skills through afro-asian literature/ |
| Statement of responsibility, etc. | Milagros G. Lapid |
| 250 ## - EDITION STATEMENT | |
| Edition statement | DWCL main Lib |
| Remainder of edition statement | OC |
| 260 ## - PUBLICATION, DISTRIBUTION, ETC. | |
| Place of publication, distribution, etc. | Quezon City, Philippines : |
| Name of publisher, distributor, etc. | Phoenix Publishing House, |
| Date of publication, distribution, etc. | c2023 |
| 300 ## - PHYSICAL DESCRIPTION | |
| Extent | xiv, 264 pages : |
| Other physical details | illustrations ; |
| Dimensions | 25cm. |
| 600 ## - SUBJECT ADDED ENTRY--PERSONAL NAME | |
| Personal name | 1. Afro-Asian literature |
| 942 ## - ADDED ENTRY ELEMENTS (KOHA) | |
| Source of classification or shelving scheme | Dewey Decimal Classification |
| Koha item type | Book- Reserved |
| Suppress in OPAC | No |
| 952 ## - LOCATION AND ITEM INFORMATION (KOHA) | |
| -- | |
| 952 ## - LOCATION AND ITEM INFORMATION (KOHA) | |
| -- | |
| 952 ## - LOCATION AND ITEM INFORMATION (KOHA) | |
| -- | |
| Withdrawn status | Lost status | Source of classification or shelving scheme | Damaged status | Not for loan | Home library | Current library | Date acquired | Source of acquisition | Total Checkouts | Full call number | Barcode | Date last seen | Copy number | Price effective from | Koha item type | Uniform Resource Identifier |
|---|---|---|---|---|---|---|---|---|---|---|---|---|---|---|---|---|
| Dewey Decimal Classification | Junior High School Library | Junior High School Library | 08/14/2023 | Library Fund | Res. 892 L313e 2023 | JHS - 21136 | 11/05/2025 | c1 | 11/05/2025 | BK-0 CIRC | ||||||
| Dewey Decimal Classification | Junior High School Library | Junior High School Library | 08/14/2023 | Library Fund | Res. 892 L313e 2023 | JHS -21135 | 11/05/2025 | c2 | 11/05/2025 | BK-0 CIRC | ||||||
| Dewey Decimal Classification | Junior High School Library | Junior High School Library | 08/14/2023 | Library Fund | Res. 892 L313e 2023 | JHS - 21134 | 11/05/2025 | c3 | 11/05/2025 | BK-0 CIRC |